Top 10 Southampton Premier League Scorers - Statistics

General Stats
  • This quiz has been taken 171 times
    105 since last reset
  • The average score is 4 of 10
Answer Stats
Player Goals % Correct
Matt Le Tissier 100
96%
James Ward-Prowse 49
76%
Danny Ings 41
59%
Rickie Lambert 28
53%
Shane Long 28
51%
James Beattie 67
45%
Che Adams 25
28%
Marians Pahars 42
20%
Jay Rodriguez 26
15%
Egil Østenstad 28
5%
No matching quizzes found
Score Distribution
Percent of People with Each Score
Percentile by Number Answered
Your Score History
You have not taken this quiz since the last reset